Gaming Quiz

Random Gaming or Video Games Quiz

The Last of Us Characters Quiz Stats

 Plays Quiz Updated Jun 19, 2020

Support Sporcle.
Go Orange.
Score 0/16 Timer 02:00
7 Plays Today
% Correct
Tommy
83.6%
Ellie
80%
Joel
77.1%
Marlene
72.8%
Sarah
72.7%
Tess
72.3%
Maria
71.9%
Bill
69.7%
% Correct
David
67.3%
Sam
65.1%
Riley Abel
64%
Henry
57.2%
Robert
57.2%
Malick
51.1%
James
48.8%
Ethan
38.4%

You're not logged in!

Compare scores with friends on all Sporcle quizzes.
OR
Log In

From the Vault

NHL All-Time Leaders

by Lauro

With all that skating around you think they'd learn how to do a twirl or two.
Remove Ads.
Support Sporcle.
Get the best of Sporcle when you Go Orange. This ad-free experience offers more features, more stats, and more fun while also helping to support Sporcle. Thank you for becoming a member.

Show Comments

Extras

Top Quizzes Today


Score Distribution

Your Account Isn't Verified!

In order to create a playlist on Sporcle, you need to verify the email address you used during registration. Go to your Sporcle Settings to finish the process.

Report this User

Report this user for behavior that violates our Community Guidelines.

Details: